000 00214 a2200097 4500
001 10800
100 _aBrawn. W. V.
245 _afirst Men to the Moon
260 _a
_bFrederich Muller Ltd
_c
090 _c8387
_d8387
942 _aNUST-CAE
_cM
_c35141
999 _c245873
_d245873